Holiday Quiz

Random Holiday or Famous Quiz

Famous Fathers Quiz Stats

Quiz not verified by Sporcle

Also try: Holidays by Cake
Challenge
Share
Tweet
Score 0/24 Timer 07:00
0 Plays Today
Hint Phrase % Correct
Elderly man typically depicted holding a scythe and hourglassFather Time
80.1%
Slang term for eight-legged creatureDaddy longlegs
78.6%
Political leaders such as Franklin, Washington, Jefferson, and AdamsFounding Fathers
75.3%
1999 Adam Sandler ComedyBig Daddy
74.9%
Alternative name for the Lord's PrayerOur Father
71%
The Holy TrinityThe Father, Son, and Holy Spirit
69.6%
Third largest take-out and delivery pizza chain in the United StatesPapa John's Pizza
67.1%
Seth MacFarlane cartoonAmerican Dad!
62.8%
1960's band with hits such as 'California Dreamin'' and 'Monday, Monday' The Mamas & the Papas
60.6%
Little Orphan Annie's paternal figureDaddy Warbucks
60.2%
Symbolic figure of good cheer during the holiday seasonsFather Christmas
59.1%
A member of the Berenstein clan, the Sesame Street gang, or a character in Goldilock's storyPapa Bear
57.1%
Hint Phrase % Correct
2003 Eddie Murphy Film Daddy Daycare
52.6%
1986 #1 Hit by MadonnaPapa Don't Preach
50.6%
Board game in which children sneak to a refrigerator at nightDon't Wake Daddy
34.8%
1950 Spencer Tracy film with a 1991 remakeFather of the Bride
34%
Robert Young and Jane Wyatt TV seriesFather Knows Best
32%
Notorious B.I.G. Billboard Award winning singleBig Poppa
28.1%
Reggaeton artist, 'Gasolina' Daddy Yankee
21.6%
British sitcom following three Irish Catholic PriestsFather Ted
21.5%
Rock band with the hit 'Scars'Papa Roach
20%
1972 Temptations hitPapa Was a Rollin' Stone
18.4%
Senior member of the House of CommonsFather of the House
8.8%
MTV reality show, spinoff of Run's HouseDaddy's Girls
6.8%

You're not logged in!

Compare scores with friends on all Sporcle quizzes.
Sign Up with Email
OR
Log In

You Might Also Like...

Show Comments

Extras

Editor's Pick Jun 8, 2015ReportNominate
Tags:Famous Quiz, dad, etc, father, phrase

Top Quizzes Today


Score Distribution

Your Account Isn't Verified!

In order to create a playlist on Sporcle, you need to verify the email address you used during registration. Go to your Sporcle Settings to finish the process.